"EFA global moitoring report 2007, overcoming inequality" (Record no. 692177)

MARC details
000 -LEADER
fixed length control field 00856nam a2200265Ia 4500
003 - CONTROL NUMBER IDENTIFIER
control field OSt
005 - DATE AND TIME OF LATEST TRANSACTION
control field 20220927105354.0
008 - FIXED-LENGTH DATA ELEMENTS--GENERAL INFORMATION
fixed length control field 220926b |||||||| |||| 00| 0 eng d
037 ## - SOURCE OF ACQUISITION
Terms of availability Reference Collections
040 ## - CATALOGING SOURCE
Original cataloging agency RTL
Transcribing agency RTL
Language of cataloging eng
041 ## - LANGUAGE CODE
Source of code eng
Language code of text/sound track or separate title eng
110 ## - MAIN ENTRY--CORPORATE NAME
Corporate name or jurisdiction name as entry element United Nations educational Scientific and Cultural Organization
9 (RLIN) 352557
245 #0 - TITLE STATEMENT
Title "EFA global moitoring report 2007, overcoming inequality"
Remainder of title Why governance matters
260 ## - PUBLICATION, DISTRIBUTION, ETC.
Place of publication, distribution, etc. Paris
Name of publisher, distributor, etc. UNESCO
Date of publication, distribution, etc. 2008
300 ## - PHYSICAL DESCRIPTION
Extent "x, 463P"
Dimensions cm.
500 ## - GENERAL NOTE
General note Bibliography P434-439
650 ## - SUBJECT ADDED ENTRY--TOPICAL TERM
Topical term or geographic name entry element Education
700 ## - ADDED ENTRY--PERSONAL NAME
Personal name United Nations educational Scientific and Cultural Organization
9 (RLIN) 352559
942 ## - ADDED ENTRY ELEMENTS (KOHA)
Classification part "T9(Y), P9/UN"
Koha item type

No items available.

Copyright @ Delhi University Library System